Evaluarea financiară a proiectelor surse regenerabile de energie anexă

Gespeichert in:
Bibliographische Detailangaben
1. Verfasser: Ručinský, Rastislav
Weitere Verfasser: Gajdoš, Jozef, 1962-2025
Format: Buchkapitel
Sprache:Rumänisch
Schlagworte:
Tags: Tag hinzufügen
Keine Tags, Fügen Sie das erste Tag hinzu!

MARC

LEADER 00000naa$a2200000$$$4500
001 0199889
005 20240502083508.1
041 0 |a rum 
044 |a RO 
245 1 0 |a Evaluarea financiară a proiectelor surse regenerabile de energie  |b anexă  |c Rastislav Ručinský, Jozef Gajdoš 
610 2 0 |a zdroje energie obnoviteľné 
100 1 |a Ručinský, Rastislav 
700 1 |a Gajdoš, Jozef, 1962-2025